000 00881nam a2200301Ia 4500
001 802
003 IT-RoPAU
008 130308s9999 xx 000 0 und d
040 _aIT-RoPAU
040 _cIT-RoPAU
041 _aITALIANO
100 _aMangiarotti Marco
100 _gCodice Aut. SPICS: 4254
245 _aPop, industria e mass-media
245 _bArcipelago pop (L')-La Musica pop e le Sue relazioni con la Cultura Alternativa e la Questione Giovanile
250 _a1a ed.
260 _aROMA
260 _bArcana
260 _c1977 [1° Ed.:1977 - Ed.Ling.Originale:1977]
300 _a"23 p. (prefazione: no ; testo: 23 [pagine: 32-54])"
500 _aRuolo della Radio e Mito del Disc Jockey da Muzak a Gong
650 _aGENERI MUSICALI
650 _eCodice materia Spics: 7010
942 _cBK
957 _71
999 _c59496
_d59496
999 _bSI
999 _g1